000 00871nam a2200253Ia 4500
003 OSt
005 20221005092640.0
006 a|||||r|||| 00| 0
007 ta
008 221004b |||||||| |||| 00| 0 eng d
020 _a9781442255401 (pbk)
_c2892.86
024 _a26105
037 _b1090, 22/03/2016, Aditya Books Pvt. Ltd.
_cTextual
040 _aCRL
_cCRL
_beng
041 _2eng
_aeng
082 _a23, Q5
100 _aEden Bradford Lee Ed.
_9595245
245 0 _aPartnerships and new roles in the 21st century academic library
_b Collaborating, embedding, and cross - training for the future
260 _aNew York
_bRowman and Littlefield U.S.A
_c2015
300 _aix, 222p.
_ccm.
650 _aLIBRARY SCIENCE
942 _h23, Q5
_cTEXL
_2cc
999 _c999144
_d999144